00301nam a2200133Ia 4500003000400000008004100004020001500045040001600060082001900076245002300095300002100118650001000139650001800149GCL140319s9999 xx 000 0 eng d a015310435X aGCL / cGCL04aCH b912 bH A10aATLAS INTERMEDIATE a30C M ؛ c104 P04aATLAS04aATLAS ECOLOGY